Normal view
MARC view
- DE-MECH-33
Entry Topical Term
001 - CONTROL NUMBER
- control field: 71263
003 - CONTROL NUMBER IDENTIFIER
- control field: NUST
005 - DATE AND TIME OF LATEST TRANSACTION
- control field: 20210628204621.0
008 - FIXED-LENGTH DATA ELEMENTS
- fixed length control field: 210628|| aca||aabn | a|a d
040 ## - CATALOGING SOURCE
- Original cataloging agency: NUST
- Transcribing agency: NUST
150 ## - HEADING--TOPICAL TERM
- Topical term or geographic name entry element: DE-MECH-33
670 ## - SOURCE DATA FOUND
- Source citation: Work cat.: (NUST): Muhammad Ammar Muzammil Ahmad Sarfraz Hamza Ali Nawaz 71262, PR-SOF-1445-Indigenous Design & Fabrication of Low velocity Drop weight Impact Tester, 2015
